K vybraným problémom vzdelávania v oblasti verejnej správy

Ako by mal vyzerať človek budúcnosti. Otázka motivácie, uznania a sebarealizácie človeka. V čom môže pomôcť metodika vzdelávania. Možnosti využitia diskusných metód v predmete Podnikové hospodárstvo na Ekonomickej univerzite v Bratislave.

Salvato in:
Dettagli Bibliografici
Autore principale: Kováčová, Eva
Altri autori: Matušovič, Martin
Natura: Capitolo di libro
Lingua:slovacco
Soggetti:
Tags: Aggiungi Tag
Nessun Tag, puoi essere il primo ad aggiungerne!!

MARC

LEADER 00000naa$a2200000$$$4500
001 0084659
005 20240502071946.3
041 0 |a slo 
044 |a SK 
245 1 0 |a K vybraným problémom vzdelávania v oblasti verejnej správy  |c Eva Kováčová, Martin Matušovič 
520 |a Ako by mal vyzerať človek budúcnosti. Otázka motivácie, uznania a sebarealizácie človeka. V čom môže pomôcť metodika vzdelávania. Možnosti využitia diskusných metód v predmete Podnikové hospodárstvo na Ekonomickej univerzite v Bratislave. 
610 2 0 |a vzdelávanie vysokoškolské 
610 2 0 |a študenti 
610 2 0 |a vedomosti 
610 2 0 |a predmety učebné 
610 2 0 |a univerzity 
610 2 0 |a správa verejná 
100 1 |a Kováčová, Eva 
700 1 |a Matušovič, Martin